000
00278nam a22001337a 4500
020
_a
0-419-23710-0
041
_a
ENG
100
_a
Pereira .S.L
245
_a
Water And The Environment
260
_a
Delhi
_b
ICID -CIID
_c
1998
300
_a
470
650
_a
IDE
856
_u
IDE
999
_c
319
_d
319